Normal view
MARC view
Entry Corporate Name
001 - CONTROL NUMBER
- control field: 344357
003 - CONTROL NUMBER IDENTIFIER
- control field: OSt
005 - DATE AND TIME OF LATEST TRANSACTION
- control field: 20220926040948.0
008 - FIXED-LENGTH DATA ELEMENTS
- fixed length control field: 220926|| aca||aabn | a|a d
040 ## - CATALOGING SOURCE
- Original cataloging agency: OSt
- Transcribing agency: OSt
110 ## - HEADING--CORPORATE NAME
- Corporate name or jurisdiction name as entry element: Leauge of Nations. Commission of Enquiry for European Union. Committee of experts to examine the monetary normalisation scheme
670 ## - SOURCE DATA FOUND
- Source citation: Work cat.: (OSt)666058: Leauge of Nations. Commission of Enquiry for European Union. Committee of experts to examine the monetary normalisation scheme, Report, monetary normalisation scheme, 1932
